[Event "Regionalliga Nord-West 1819"]
[Site "Bayern"]
[Date "2019.01.20"]
[Round "5.6"]
[White "Horther, Heinrich"]
[Black "Gebhardt, Christian"]
[Result "1/2-1/2"]
[WhiteElo "1930"]
[BlackElo "1861"]
[PlyCount "59"]
[EventDate "2018.10.21"]
[EventType "team-tourn"]
[EventRounds "9"]
[EventCountry "GER"]
[SourceTitle "EXT 2022"]
[Source "ChessBase"]
[SourceDate "2021.10.06"]
[SourceVersion "1"]
[SourceVersionDate "2021.10.06"]
[SourceQuality "1"]
[WhiteTeam "Kronach"]
[BlackTeam "Seubelsdorf"]
[WhiteTeamCountry "GER"]
[BlackTeamCountry "GER"]

1. e4 e6 2. d4 d5 3. e5 c5 4. c3 Nc6 5. Nf3 Qb6 6. Bd3 Bd7 7. dxc5 Bxc5 8. 0-0 a5 9. Qe2 Nge7 10. Nbd2 a4 11. b4 axb3 12. Nxb3 Ba3 13. Nbd4 Bxc1 14. Rfxc1 0-0 15. Rcb1 Qc7 16. Nb5 Qb8 17. Nd6 b6 18. Qe3 Ra3 19. Rxb6 Qa8 20. Rb2 h6 21. Nb5 Ra4 22. Nfd4 Qb7 23. Rab1 Qa8 24. Qe2 Rc8 25. Bc2 Nxd4 26. cxd4 Bxb5 27. Qxb5 Rxa2 28. Qb3 Rxb2 29. Qxb2 Nc6 30. h3 1/2-1/2

[Event "Oberfranken-ch"]
[Site "Schney"]
[Date "2019.01.05"]
[Round "6"]
[White "Gebhardt, Christian"]
[Black "Orendt, Robert"]
[Result "1/2-1/2"]
[WhiteElo "1906"]
[BlackElo "1561"]
[PlyCount "31"]
[EventDate "2019.01.03"]
[EventType "swiss"]
[EventRounds "7"]
[EventCountry "GER"]
[SourceTitle "CBM 188 Extra"]
[Source "ChessBase"]
[SourceDate "2019.02.26"]
[SourceVersion "1"]
[SourceVersionDate "2019.02.26"]
[SourceQuality "1"]

1. e4 e5 2. Nf3 Nc6 3. d4 exd4 4. Nxd4 Bc5 5. Be3 Bb6 6. Bc4 Ne5 7. Bb3 d6 8. Nc3 h6 9. h3 Nf6 10. Qd2 Qe7 11. 0-0 Ba5 12. Ba4+ Bd7 13. Bxd7+ Qxd7 14. f3 Nc4 15. Qc1 Bxc3 16. bxc3 1/2-1/2

[Event "Bayern-ch"]
[Site "Rosenheim"]
[Date "2017.08.25"]
[Round "8"]
[White "Dechant, Georg"]
[Black "Gebhardt, Christian"]
[Result "1-0"]
[WhiteElo "1962"]
[BlackElo "1930"]
[PlyCount "81"]
[EventDate "2017.08.20"]
[EventType "swiss"]
[EventRounds "9"]
[EventCountry "GER"]
[SourceTitle "EXT 2019"]
[Source "ChessBase"]
[SourceDate "2018.10.10"]
[SourceVersion "1"]
[SourceVersionDate "2018.10.10"]
[SourceQuality "1"]

1. e4 e6 2. d4 d5 3. e5 c5 4. c3 Qb6 5. Nf3 Bd7 6. Bd3 Bb5 7. 0-0 Nc6 8. Bxb5 Qxb5 9. Na3 Qb6 10. Nc2 Nge7 11. Rb1 a5 12. Be3 c4 13. b3 Qa6 14. bxc4 dxc4 15. a4 Nd5 16. Bd2 Na7 17. Ne3 Qc6 18. Qe2 Rc8 19. Rfe1 Be7 20. Nxd5 Qxd5 21. Bg5 Bxg5 22. Nxg5 h6 23. Ne4 0-0 24. Qg4 Kh8 25. Re3 Nc6 26. Rg3 Rg8 27. Nd6 Rc7 28. Rb5 Nxe5 29. dxe5 Qd2 30. h3 f5 31. Qg6 Qd1+ 32. Kh2 Qxa4 33. Qxe6 Qa2 34. Nf7+ Rxf7 35. Qxf7 Qxf2 36. Rxa5 g5 37. Rf3 Qe1 38. Qf6+ Rg7 39. Ra8+ Kh7 40. Qxf5+ Rg6 41. Rg8 1-0

[Event "Bayern-ch"]
[Site "Rosenheim"]
[Date "2017.08.23"]
[Round "5"]
[White "Gebhardt, Christian"]
[Black "Parashchenko, Oleg"]
[Result "0-1"]
[WhiteElo "1930"]
[BlackElo "2139"]
[PlyCount "42"]
[EventDate "2017.08.20"]
[EventType "swiss"]
[EventRounds "9"]
[EventCountry "GER"]
[SourceTitle "EXT 2019"]
[Source "ChessBase"]
[SourceDate "2018.10.10"]
[SourceVersion "1"]
[SourceVersionDate "2018.10.10"]
[SourceQuality "1"]

1. e4 e5 2. Nf3 Nc6 3. d4 exd4 4. Nxd4 Bc5 5. Be3 Qf6 6. c3 Nge7 7. f4 d5 8. e5 Qh4+ 9. g3 Qh6 10. Qf3 Bxd4 11. Bxd4 Bf5 12. Nd2 Qg6 13. h3 h5 14. Rg1 0-0-0 15. a3 Rh6 16. b4 Kb8 17. Nb3 Bc2 18. Nc5 b6 19. Bd3 Bxd3 20. Nxd3 Nf5 21. Qf2 Nfxd4 0-1

[Event "Bayern-ch"]
[Site "Rosenheim"]
[Date "2017.08.23"]
[Round "6"]
[White "Schatz, Christian"]
[Black "Gebhardt, Christian"]
[Result "1/2-1/2"]
[WhiteElo "2177"]
[BlackElo "1930"]
[PlyCount "131"]
[EventDate "2017.08.20"]
[EventType "swiss"]
[EventRounds "9"]
[EventCountry "GER"]
[SourceTitle "EXT 2019"]
[Source "ChessBase"]
[SourceDate "2018.10.10"]
[SourceVersion "1"]
[SourceVersionDate "2018.10.10"]
[SourceQuality "1"]

1. Nf3 g6 2. e4 Bg7 3. d4 d6 4. Bc4 Nf6 5. Qe2 c6 6. 0-0 b5 7. Bd3 Nbd7 8. e5 Nd5 9. exd6 0-0 10. dxe7 Nxe7 11. Bg5 f6 12. Bh4 Nb6 13. Re1 Ned5 14. Nbd2 Nf4 15. Qf1 h5 16. Bg3 Nxd3 17. Qxd3 g5 18. h4 g4 19. Nh2 f5 20. Be5 Qxh4 21. Qc3 Bd7 22. Bxg7 Kxg7 23. Re5 Rae8 24. Rae1 Nd5 25. Qa3 a5 26. Qd6 g3 27. fxg3 Qxd4+ 28. Kh1 Rxe5 29. Qxe5+ Qxe5 30. Rxe5 Kf6 31. Nhf3 Nb4 32. Nb3 Nxc2 33. Nxa5 Ra8 34. Nb7 Rxa2 35. Nc5 Ra7 36. Re2 Nb4 37. Rd2 Nd5 38. Nd4 Be8 39. Nxb5 Ra1+ 40. Kh2 Ne3 41. Rd6+ Kf7 42. g4 Nxg4+ 43. Kg3 cxb5 44. Kf4 Rf1+ 45. Kg5 Rf2 46. b4 Ne3 47. Rf6+ Kg8 48. Re6 Rxg2+ 49. Kh4 Rg4+ 50. Kh3 Kf7 51. Rxe3 Rxb4 52. Re5 f4 53. Rxh5 Rc4 54. Kg4 Kf6 55. Rf5+ Kg6 56. Rg5+ Kh6 57. Re5 b4 58. Rxe8 Rxc5 59. Kxf4 Rc4+ 60. Ke3 Kg5 61. Kd3 Rc3+ 62. Kd4 Kf5 63. Rb8 Rh3 64. Rxb4 Rh4+ 65. Kc5 Rxb4 66. Kxb4 1/2-1/2

[Event "Forchheim op-B 15th"]
[Site "Forchheim"]
[Date "2016.10.02"]
[Round "4"]
[White "Gebhardt, Christian"]
[Black "Hofmann, Marko"]
[Result "1-0"]
[WhiteElo "1913"]
[BlackElo "1796"]
[PlyCount "47"]
[EventDate "2016.10.01"]
[EventType "swiss"]
[EventRounds "5"]
[EventCountry "GER"]
[SourceTitle "EXT 2019"]
[Source "ChessBase"]
[SourceDate "2018.10.10"]
[SourceVersion "1"]
[SourceVersionDate "2018.10.10"]
[SourceQuality "1"]

1. Nf3 d5 2. g3 c5 3. Bg2 Nf6 4. 0-0 Nc6 5. d4 e6 6. c3 Be7 7. Nbd2 cxd4 8. cxd4 0-0 9. Nb3 b6 10. Bg5 Ne4 11. Bxe7 Qxe7 12. Nbd2 f5 13. Rc1 Bb7 14. a3 Rac8 15. e3 Ba6 16. Re1 Na5 17. Bf1 Rxc1 18. Qxc1 Rc8 19. Bxa6 Rxc1 20. Rxc1 h5 21. Nxe4 fxe4 22. Ne5 Nb3 23. Rc8+ Kh7 24. Rh8+ 1-0

[Event "Forchheim op-B 14th"]
[Site "Forchheim"]
[Date "2015.10.04"]
[Round "4"]
[White "Diller, Daniel"]
[Black "Gebhardt, Christian"]
[Result "1-0"]
[WhiteElo "1895"]
[BlackElo "1897"]
[PlyCount "73"]
[EventDate "2015.10.02"]
[EventType "swiss"]
[EventRounds "5"]
[EventCountry "GER"]
[SourceTitle "EXT 2019"]
[Source "ChessBase"]
[SourceDate "2018.10.10"]
[SourceVersion "1"]
[SourceVersionDate "2018.10.10"]
[SourceQuality "1"]

1. c4 c5 2. g3 Nf6 3. Bg2 g6 4. Nc3 Bg7 5. Nf3 0-0 6. d4 d6 7. d5 e5 8. 0-0 Ne8 9. e4 h6 10. Be3 Nd7 11. Qd2 Kh7 12. Ne1 f5 13. Nd3 Ndf6 14. f3 Nh5 15. f4 exf4 16. Nxf4 Nxf4 17. Bxf4 g5 18. Be3 fxe4 19. Bxe4+ Kg8 20. Bc2 Bh3 21. Rxf8+ Kxf8 22. Qd3 Qf6 23. Bf2 b6 24. Ne4 Qxb2 25. Rb1 Qxa2 26. Re1 Rd8 27. Qf3+ Kg8 28. Bb1 Qxc4 29. g4 Bxg4 30. Qxg4 Qxd5 31. h4 Nf6 32. Nxf6+ Bxf6 33. Bf5 h5 34. Be6+ Kg7 35. Qxh5 Qb7 36. hxg5 Rf8 37. Qh6# 1-0

[Event "Oberfranken-ch"]
[Site "Schney"]
[Date "2015.01.05"]
[Round "6"]
[White "Hofmann, Marko"]
[Black "Gebhardt, Christian"]
[Result "1-0"]
[WhiteElo "1792"]
[BlackElo "1873"]
[PlyCount "37"]
[EventDate "2015.01.03"]
[EventType "swiss"]
[EventRounds "7"]
[EventCountry "GER"]
[SourceTitle "CBM 164 Extra"]
[Source "ChessBase"]
[SourceDate "2015.03.02"]
[SourceVersion "1"]
[SourceVersionDate "2015.03.02"]
[SourceQuality "1"]

1. e4 e5 2. Nf3 Nc6 3. d4 exd4 4. Nxd4 Qh4 5. Nc3 Bb4 6. Ndb5 Qxe4+ 7. Be3 Kd8 8. Qd2 Bxc3 9. Nxc3 Qe6 10. 0-0-0 Nge7 11. Bb5 Re8 12. Rhe1 Qg6 13. Bf4 d6 14. Re3 Nf5 15. Rd3 a6 16. Bxc6 bxc6 17. f3 h5 18. Ne4 Re6 19. Qa5 1-0

[Event "Oberfranken-ch U16"]
[Site "Lichtenfels"]
[Date "2012.01.04"]
[Round "4.2"]
[White "Gebhardt, Christian"]
[Black "Strahl, Christian"]
[Result "1-0"]
[WhiteElo "1594"]
[BlackElo "1285"]
[PlyCount "89"]
[EventDate "2012.01.03"]
[EventType "swiss"]
[EventRounds "7"]
[EventCountry "GER"]
[SourceTitle "EXT 2019"]
[Source "ChessBase"]
[SourceDate "2018.10.10"]
[SourceVersion "1"]
[SourceVersionDate "2018.10.10"]
[SourceQuality "1"]

1. e4 c6 2. d4 d5 3. exd5 cxd5 4. c4 e6 5. Nf3 Nf6 6. Nc3 Bb4 7. Bd3 0-0 8. 0-0 dxc4 9. Bxc4 Nbd7 10. Bg5 Nb6 11. Bb3 h6 12. Bh4 Be7 13. Qe2 Bd7 14. Rfe1 Bc6 15. Rad1 Bd5 16. Nxd5 Nbxd5 17. Ne5 a6 18. Ng6 fxg6 19. Qxe6+ Kh8 20. Bxf6 Rxf6 21. Qxd5 Qxd5 22. Bxd5 Bf8 23. Re6 Rxe6 24. Bxe6 b6 25. Kf1 Bd6 26. Ke2 Re8 27. d5 Bc5 28. f3 Bd6 29. h3 Be5 30. Rd2 Bd6 31. Kd3 Re7 32. Rc2 Rc7 33. Rc6 Rxc6 34. dxc6 Kh7 35. Kc4 g5 36. Kd5 Bc7 37. Bf7 g6 38. Ke6 Kg7 39. Kd7 Bf4 40. Bc4 b5 41. Bd3 Kf7 42. c7 Bxc7 43. Kxc7 g4 44. fxg4 g5 45. Kb6 1-0

[Event "Oberfranken-ch U16"]
[Site "Lichtenfels"]
[Date "2012.01.03"]
[Round "2.3"]
[White "Daum, Matthias"]
[Black "Gebhardt, Christian"]
[Result "0-1"]
[WhiteElo "1531"]
[BlackElo "1594"]
[PlyCount "88"]
[EventDate "2012.01.03"]
[EventType "swiss"]
[EventRounds "7"]
[EventCountry "GER"]
[SourceTitle "EXT 2019"]
[Source "ChessBase"]
[SourceDate "2018.10.10"]
[SourceVersion "1"]
[SourceVersionDate "2018.10.10"]
[SourceQuality "1"]

1. c4 Nf6 2. d4 c5 3. d5 b5 4. cxb5 a6 5. Nc3 d6 6. e4 axb5 7. Bxb5+ Bd7 8. Bxd7+ Nbxd7 9. Nf3 g6 10. Bf4 Bg7 11. 0-0 0-0 12. Re1 Ng4 13. h3 Nge5 14. Qe2 Qa5 15. Nd2 Rfb8 16. Nb3 Qb4 17. Reb1 Nc4 18. Bd2 Nxb2 19. Nd1 Qa3 20. Bc1 c4 21. Bxb2 Bxb2 22. Nxb2 cxb3 23. axb3 Qxb3 24. Rxa8 Rxa8 25. Rc1 Nc5 26. f3 Qa3 27. Kh2 Rb8 28. Rc2 Rb3 29. Nc4 Qa1 30. Ra2 Qc1 31. Qd2 Qxc4 32. Qh6 Na4 33. Ra1 Qd4 34. Re1 Nc5 35. Qf4 Rb2 36. Rg1 Qe5 37. Qxe5 dxe5 38. Ra1 Nd3 39. Ra7 Nf4 40. Rxe7 Rxg2+ 41. Kh1 Rf2 42. Rxe5 Rxf3 43. h4 Kf8 44. Kg1 f6 0-1

[Event "Oberfranken-ch"]
[Site "Schney"]
[Date "2011.01.05"]
[Round "5"]
[White "Hofmann, Marko"]
[Black "Gebhardt, Christian"]
[Result "1-0"]
[WhiteElo "1480"]
[BlackElo "1488"]
[PlyCount "75"]
[EventDate "2011.01.03"]
[EventType "swiss"]
[EventRounds "7"]
[EventCountry "GER"]
[SourceTitle "EXT 2022"]
[Source "ChessBase"]
[SourceDate "2021.10.06"]
[SourceVersion "1"]
[SourceVersionDate "2021.10.06"]
[SourceQuality "1"]

1. e4 c5 2. b3 Nf6 3. e5 Qc7 4. Bb2 Nd5 5. g3 Nc6 6. Bg2 Ndb4 7. a3 Na6 8. f4 d6 9. Nf3 Bg4 10. exd6 Qxd6 11. 0-0 e6 12. d3 Nc7 13. Nbd2 Nd5 14. Re1 Nd4 15. h3 Nxf3+ 16. Nxf3 Bxf3 17. Qxf3 Rb8 18. Qxd5 Qxd5 19. Bxd5 Kd7 20. Bf3 f6 21. Re2 Bd6 22. Rae1 Rhe8 23. Kg2 b5 24. Be4 h6 25. f5 e5 26. Rd1 Bc7 27. Bd5 Kd6 28. Be6 Re7 29. c3 Bb6 30. d4 cxd4 31. cxd4 exd4 32. Bxd4 Bxd4 33. Rxd4+ Kc5 34. Rd5+ Kc6 35. Rc2+ Kb6 36. Rd6+ Ka5 37. b4+ Ka4 38. Ra6# 1-0

[Event "Oberfranken-ch U14 0910"]
[Site "Schney"]
[Date "2010.01.04"]
[Round "4"]
[White "Greger, Matthias"]
[Black "Gebhardt, Christian"]
[Result "1/2-1/2"]
[WhiteElo "1569"]
[BlackElo "1235"]
[PlyCount "50"]
[EventDate "2010.01.03"]
[EventType "swiss"]
[EventRounds "7"]
[EventCountry "GER"]
[SourceTitle "EXT 2015"]
[Source "ChessBase"]
[SourceDate "2014.11.20"]
[SourceVersion "1"]
[SourceVersionDate "2014.11.20"]
[SourceQuality "1"]

1. e4 e6 2. d4 d5 3. e5 c5 4. c3 Qb6 5. Nf3 Nc6 6. Be2 cxd4 7. cxd4 Nge7 8. Bd3 Bd7 9. Bc2 0-0-0 10. 0-0 f6 11. Qd3 Nf5 12. Rd1 fxe5 13. Nxe5 Nxe5 14. dxe5 Bc5 15. Qb3 Bxf2+ 16. Kh1 Ne3 17. Qxb6 axb6 18. Bxe3 Bxe3 19. Nd2 Bxd2 20. Rxd2 g6 21. Rc1 Bc6 22. Rd3 Rhf8 23. Kg1 Kd7 24. Rb3 Ra8 25. a3 b5 1/2-1/2